| 000 | 00434cam a2200169ua 4500 | ||
|---|---|---|---|
| 001 | 5602 | ||
| 008 | 131005n ii |||gr||||Z||||||asm | ||
| 040 | _cMAIN | ||
| 082 | _a954.162 | ||
| 245 |
_aAsomor Nam-Talika Buronji _cBy Ripunath Burhagohaiyi |
||
| 260 |
_aDibrugarh: _bBanipur, _c1986. |
||
| 300 | _ax,108p. | ||
| 653 | _aHistory | ||
| 653 | _aAsomor Na-Talika Buranji | ||
| 700 |
_aBurhagohaiyi,Ripunath, _eAuthor. |
||
| 942 | _cBK | ||
| 999 |
_c4763 _d4763 |
||